Characteristics of Living Organisms - iGCSE edexcel Biology - Statistics

General Stats
  • This quiz has been taken 17 times
  • The average score is 8 of 19
Answer Stats
Hint Answer % Correct
Source of energy for plants in photosynthesis Sunlight
92%
Primary photosynthetic pigment Chlorophyll
85%
Organisms that are multicellular, have cellulose cell walls, contain chloroplasts for photosynthesis, and store carbohydrates as starch or sucrose Plants
69%
Process of removing waste products produced by metabolic activities from an organism Excretion
62%
Organisms whose cells contain membrane-bound organelles including a nucleus Eukaryotic
54%
Change in position or place by an organism Movement
54%
Organisms whose cells lack a nucleus and other membrane-bound organelles Prokaryotic
54%
Biochemical process carried out in all living organisms where cells release energy from glucose molecules Respiration
54%
Multicellular organisms that lack cellulose cell walls, chloroplasts and have nervous coordination Animals
46%
An organism that can produce its own food for energy Autotroph
46%
Organism that obtains energy and nutrients by consuming other organisms Heterotroph
38%
The form which fungal cells store carbohydrates Glycogen
31%
Microorgnisms that cause disease in another organism Pathogen
31%
Small circular loops of DNA found in prokaryotic cells Plasmid
23%
Microscopic single-celled eukaryotic organisms that may have features resembling animal or plant cells Protoctists
23%
Feeding method of fungi Saprotrophic nutrition
15%
An organism’s ability to detect and respond to stimuli in its environment Sensitivity
15%
Description of a plant’s response to light Phototrophism
8%
Organisms that feed on dead organic matter Saprobiont
0%
No matching quizzes found
Score Distribution
Percent of People with Each Score
Percentile by Number Answered
Your Score History
You have not taken this quiz